000 02156cam a2200541 c 4500
001 193181550X
003 DE-627
005 20251125142038.0
007 cr uuu---uuuuu
008 250725s2016 xx |||||o 00| ||ger c
020 _a9783842029231
_cEPUB
024 7 _aurn:nbn:de:gbv:18-epflicht-10848
_2urn
035 _a(DE-627)193181550X
035 _a(DE-599)KEP117297984
035 _a(EPFHH)faacb05b-07c0-4524-abda-577cd1405603
035 _a(EPFHH-TOKYOPOP)1014340424_9783842029231
035 _a(DE-627-1)117297984
040 _aDE-627
_bger
_cDE-627
_erda
041 _ager
_hjpn
072 7 _a9182
_2wsb
082 0 4 _a741.5
_qDE-576
245 0 0 _aBrynhildr in the Darkness 02
_cLynn Okamoto
264 1 _aHamburg
_bTOKYOPOP Verlag
_c2016
300 _a1 Online-Ressource (192 S.)
336 _aText
_btxt
_2rdacontent
337 _aComputermedien
_bc
_2rdamedia
338 _aOnline-Ressource
_bcr
_2rdacarrier
490 0 _aBrynhildr in the Darkness
_v2
520 _aRyouta und Neko brechen in eine Arzneimittelfabrik ein, um dort die für die Magierinnen lebensnotwendige Medizin in ihre Hände zu bekommen. Vor Ort lauert ihnen allerdings die Killermaschine Saori auf, die Neko vor Ryoutas Augen massiv attackiert. Gibt es einen Weg, das Mädchen, das er für seine Jugendliebe hält, doch noch zu retten ...?
583 1 _aArchivierung/Langzeitarchivierung gewährleistet
_fPEHH
_kDE-576
_2pdager
_5DE-18
650 4 _aSeinen
650 4 _aShonen
650 4 _aAction
650 4 _aAußerirdische
650 4 _aEntführung
650 4 _aMagie
650 4 _aHexe
650 4 _aHexenjagd
650 4 _aAkte X
650 4 _aElfen Lied
700 1 _81\p
_aOkamoto, Lynn
_eVerfasserIn
_0(DE-588)138139911
_0(DE-627)599891076
_0(DE-576)306583488
_4aut
776 1 _z9783842009257
776 0 8 _iErscheint auch als
_nDruck-Ausgabe
_z9783842009257
856 4 0 _uhttps://nbn-resolving.org/urn:nbn:de:gbv:18-epflicht-10848
_mX:EPF
_qapplication/epub+zip
_zlizenzpflichtig
883 _81\p
_acgwrk
_d20250802
_qDE-101
_uhttps://d-nb.info/provenance/plan#cgwrk
942 _2ddc
_cMGA
_n0
951 _aBO
999 _c1408
_d1408